[Event "SUI-ch 117th"]
[Site "Graechen"]
[Date "2017.07.20"]
[Round "8"]
[White "Buss, Ralph"]
[Black "Radt, Volker"]
[Result "1-0"]
[WhiteElo "2348"]
[BlackElo "2044"]
[PlyCount "63"]
[EventDate "2017.07.13"]
[EventType "swiss"]
[EventRounds "9"]
[EventCountry "SUI"]
[SourceTitle "EXT 2019"]
[Source "ChessBase"]
[SourceDate "2018.10.10"]
[SourceVersion "1"]
[SourceVersionDate "2018.10.10"]
[SourceQuality "1"]

1. d4 d5 2. c4 dxc4 3. Nf3 Nf6 4. e3 e6 5. Bxc4 c5 6. 0-0 a6 7. Nc3 b5 8. Be2 Bb7 9. dxc5 Bxc5 10. Qxd8+ Kxd8 11. Nd2 Ke7 12. Nb3 Bb6 13. a4 b4 14. a5 Bc7 15. Na4 Nfd7 16. Bd2 Bd6 17. Rfc1 Nc6 18. Nac5 Nxc5 19. Nxc5 Bxc5 20. Rxc5 Rhc8 21. Rac1 Kd7 22. f3 Rd8 23. Bxb4 Nxb4 24. Rc7+ Ke8 25. Rxb7 Rd2 26. Rxb4 Rxe2 27. Rc7 Rd8 28. Kf1 Red2 29. Rbb7 h6 30. Re7+ Kf8 31. Rxf7+ Ke8 32. Rbe7# 1-0

[Event "SUI-ch 117th"]
[Site "Graechen"]
[Date "2017.07.13"]
[Round "1"]
[White "Thuerig, Catherine"]
[Black "Buss, Ralph"]
[Result "0-1"]
[WhiteElo "1995"]
[BlackElo "2348"]
[PlyCount "134"]
[EventDate "2017.07.13"]
[EventType "swiss"]
[EventRounds "9"]
[EventCountry "SUI"]
[SourceTitle "EXT 2019"]
[Source "ChessBase"]
[SourceDate "2018.10.10"]
[SourceVersion "1"]
[SourceVersionDate "2018.10.10"]
[SourceQuality "1"]

1. e4 e6 2. d4 d5 3. Nd2 c5 4. c3 cxd4 5. cxd4 dxe4 6. Nxe4 Bb4+ 7. Nc3 Nc6 8. Nf3 Nf6 9. Bb5 0-0 10. 0-0 Ne7 11. Qb3 Ned5 12. Bg5 Be7 13. Rfd1 a6 14. Bd3 b6 15. Rac1 Bb7 16. a3 Rc8 17. Bb1 Nxc3 18. Rxc3 Rxc3 19. Qxc3 Ne4 20. Bxe4 Bxe4 21. Bxe7 Qxe7 22. Ne5 Qb7 23. f3 Rc8 24. Qe3 Bd5 25. Rc1 Rc7 26. Rc3 f6 27. Ng4 Qc8 28. Qd3 Rxc3 29. Qxc3 Qxc3 30. bxc3 Kf7 31. Kf2 Ke7 32. Ne3 Kd6 33. c4 Bb7 34. Ke2 Bc8 35. Kd3 Bd7 36. Nc2 a5 37. Ne3 b5 38. Kc3 Kc6 39. f4 Be8 40. h3 Bd7 41. Nf1 bxc4 42. Kxc4 Bc8 43. Nd2 Ba6+ 44. Kc3 Kd5 45. g3 a4 46. h4 h5 47. Nf3 Ke4 48. Nd2+ Ke3 49. Nc4+ Kf3 50. f5 exf5 51. d5 Kxg3 52. Kb4 Bxc4 53. Kxc4 f4 54. d6 f3 55. d7 f2 56. d8Q f1Q+ 57. Kb4 Qf4+ 58. Kb5 Kxh4 59. Qd1 g5 60. Qh1+ Kg4 61. Qg2+ Kf5 62. Qh3+ Kg6 63. Qh1 g4 64. Qa8 g3 65. Qg8+ Kf5 66. Qh7+ Kg4 67. Qg6+ Qg5+ 0-1

[Event "EU-Cup 32nd"]
[Site "Novi Sad"]
[Date "2016.11.10"]
[Round "5.5"]
[White "Sutovsky, Emil"]
[Black "Buss, Ralph"]
[Result "1-0"]
[WhiteElo "2625"]
[BlackElo "2360"]
[PlyCount "71"]
[EventDate "2016.11.06"]
[EventType "team-swiss"]
[EventRounds "7"]
[EventCountry "SRB"]
[SourceTitle "CBM 176"]
[Source "ChessBase"]
[SourceDate "2017.01.17"]
[SourceVersion "1"]
[SourceVersionDate "2017.01.17"]
[SourceQuality "1"]
[WhiteTeam "Odlar Yurdu"]
[BlackTeam "Riehen"]
[WhiteTeamCountry "AZE"]
[BlackTeamCountry "SUI"]

1. e4 e5 2. Nf3 Nc6 3. Bb5 Nf6 4. 0-0 Nxe4 5. d4 Nd6 6. Bxc6 dxc6 7. dxe5 Nf5 8. Qxd8+ Kxd8 9. h3 Bd7 10. Rd1 Be7 11. g4 Nh4 12. Nxh4 Bxh4 13. Nd2 Kc8 14. Nf3 Be7 15. Bg5 Bc5 16. Be3 Be7 17. Bg5 Bc5 18. Be3 Be7 19. Rd2 Re8 20. Rad1 Be6 21. Bg5 b5 22. Bxe7 Rxe7 23. Nd4 Bd5 24. f4 g6 25. Nxb5 Rb8 26. Nxa7+ Kb7 27. Nb5 Bf3 28. Rf1 Bxg4 29. hxg4 cxb5 30. g5 Kc6 31. Rfd1 Ra8 32. a4 Rxa4 33. Rd4 Rxd4 34. Rxd4 Re8 35. Rd3 Rh8 36. Kg2 1-0

[Event "SUI-chT"]
[Site "Switzerland"]
[Date "2016.06.11"]
[Round "4.5"]
[White "Buss, Ralph"]
[Black "Antognini, Francesco"]
[Result "1/2-1/2"]
[WhiteElo "2361"]
[BlackElo "2264"]
[PlyCount "111"]
[EventDate "2016.03.20"]
[EventType "team-tourn"]
[EventRounds "9"]
[EventCountry "SUI"]
[SourceTitle "EXT 2017"]
[Source "ChessBase"]
[SourceDate "2016.10.25"]
[SourceVersion "1"]
[SourceVersionDate "2016.10.25"]
[SourceQuality "1"]
[WhiteTeam "Riehen"]
[BlackTeam "Reti"]
[WhiteTeamCountry "SUI"]
[BlackTeamCountry "SUI"]

1. d4 Nf6 2. c4 e6 3. Nc3 Bb4 4. Qc2 0-0 5. Nf3 b6 6. e4 d5 7. e5 Ne4 8. Bd3 Bb7 9. 0-0 Bxc3 10. bxc3 c5 11. dxc5 Qc7 12. cxb6 axb6 13. cxd5 exd5 14. c4 Rc8 15. Bb2 Na6 16. a3 h6 17. Rac1 Qe7 18. Qe2 Nac5 19. cxd5 Bxd5 20. Bc4 Bb7 21. Rfd1 Ng5 22. Bd5 Nge6 23. Bxb7 Qxb7 24. Nd4 Nxd4 25. Rxd4 Ne6 26. Rdc4 Rc5 27. f4 Rac8 28. Rxc5 Rxc5 29. Rf1 Qc6 30. Qf3 Qxf3 31. Rxf3 Rc2 32. Rf2 Rxf2 33. Kxf2 Nxf4 34. Bd4 b5 35. Kf3 Ne6 36. Ke4 Kf8 37. Kd5 Ke7 38. Bc5+ Kd7 39. Bd6 h5 40. g3 g6 41. Bb4 Ng5 42. h4 Ne6 43. Ba5 g5 44. Ke4 gxh4 45. gxh4 Ng7 46. Kf4 Ke6 47. Kg5 Nf5 48. Bc3 Ng3 49. Bb2 Ke7 50. Bc1 Ke6 51. Bb2 Ke7 52. Bc1 Ke6 53. Bf4 Nf5 54. Kxh5 Nxh4 55. Kxh4 f6 56. exf6 1/2-1/2

[Event "SUI-chT"]
[Site "Switzerland"]
[Date "2016.04.17"]
[Round "2.7"]
[White "Buss, Ralph"]
[Black "Moor, Olivier"]
[Result "1-0"]
[WhiteElo "2361"]
[BlackElo "2323"]
[PlyCount "165"]
[EventDate "2016.03.20"]
[EventType "team-tourn"]
[EventRounds "9"]
[EventCountry "SUI"]
[SourceTitle "EXT 2017"]
[Source "ChessBase"]
[SourceDate "2016.10.25"]
[SourceVersion "1"]
[SourceVersionDate "2016.10.25"]
[SourceQuality "1"]
[WhiteTeam "Riehen"]
[BlackTeam "Wollishofen"]
[WhiteTeamCountry "SUI"]
[BlackTeamCountry "SUI"]

1. d4 e6 2. c4 Nf6 3. Nc3 Bb4 4. Qc2 d6 5. Nf3 0-0 6. a3 Bxc3+ 7. Qxc3 Nbd7 8. b4 b6 9. g3 Bb7 10. Bg2 a5 11. Bb2 axb4 12. axb4 Rxa1+ 13. Bxa1 b5 14. cxb5 Be4 15. 0-0 Qb8 16. Qc4 Bd5 17. Qd3 Be4 18. Qc4 Nb6 19. Qc1 Nbd5 20. Qc4 Qb7 21. Rc1 Rb8 22. Bc3 Nxc3 23. Rxc3 Nd5 24. Ra3 h6 25. Ra5 Nb6 26. Qc1 Bd5 27. Ne1 Bxg2 28. Nxg2 Qd5 29. Qc3 Qe4 30. Ne3 Rc8 31. f3 Qb7 32. Qc6 Rb8 33. Kf2 Nd5 34. Nxd5 exd5 35. Qd7 Qb6 36. e3 Qb7 37. h4 h5 38. Qf5 g6 39. Qd7 Kf8 40. Ke2 Re8 41. Kd2 Qb8 42. Ra6 Kg7 43. Ra3 Rd8 44. Qc6 Qc8 45. b6 cxb6 46. Qxc8 Rxc8 47. Ra6 Rb8 48. Ra7 Kf6 49. Kd3 Ke6 50. b5 f5 51. Ra6 Rb7 52. Ra8 Kf6 53. Rc8 Ke6 54. Rc6 Rb8 55. e4 dxe4+ 56. fxe4 fxe4+ 57. Kxe4 Rb7 58. d5+ Ke7 59. Kf4 Ra7 60. Kg5 Ra3 61. Rc7+ Kd8 62. Rg7 Rxg3+ 63. Kf6 Rg4 64. Rxg6 Rxh4 65. Ke6 Kc7 66. Rg7+ Kb8 67. Kxd6 Rh1 68. Kc6 h4 69. d6 Rc1+ 70. Kxb6 Kc8 71. Rh7 Rh1 72. d7+ Kd8 73. Kc6 Rc1+ 74. Kb7 Rh1 75. b6 h3 76. Kb8 Rh2 77. b7 Rh1 78. Ka7 Ra1+ 79. Kb6 Rb1+ 80. Kc6 Rc1+ 81. Kd6 Rd1+ 82. Ke6 Re1+ 83. Kf5 1-0

[Event "SUI-chT"]
[Site "Switzerland"]
[Date "2016.03.20"]
[Round "1.6"]
[White "Fischer, Marcel"]
[Black "Buss, Ralph"]
[Result "0-1"]
[WhiteElo "2085"]
[BlackElo "2361"]
[PlyCount "90"]
[EventDate "2016.03.20"]
[EventType "team-tourn"]
[EventRounds "9"]
[EventCountry "SUI"]
[SourceTitle "CBM 171 Extra"]
[Source "ChessBase"]
[SourceDate "2016.04.26"]
[SourceVersion "1"]
[SourceVersionDate "2016.04.26"]
[SourceQuality "1"]
[WhiteTeam "Solothurn"]
[BlackTeam "Riehen"]
[WhiteTeamCountry "SUI"]
[BlackTeamCountry "SUI"]

1. e4 e6 2. d4 d5 3. Nc3 Nf6 4. Bg5 dxe4 5. Nxe4 Be7 6. Bxf6 gxf6 7. Nf3 f5 8. Nc3 a6 9. Qd2 b5 10. 0-0-0 b4 11. Ne2 Bb7 12. Kb1 Nd7 13. Nc1 Nf6 14. Bc4 Rg8 15. Qe2 Rxg2 16. Ne5 Qd6 17. Nb3 Bd5 18. Rhg1 Rxg1 19. Rxg1 Bf8 20. Nc5 Ra7 21. Bd3 Qb6 22. Bxf5 Bxc5 23. dxc5 Qxc5 24. Bd3 a5 25. Rg7 c6 26. Bxh7 Nxh7 27. Rxh7 a4 28. Qg4 b3 29. Qg8+ Qf8 30. Qxf8+ Kxf8 31. axb3 axb3 32. Rh4 f6 33. Nd3 Rg7 34. cxb3 Bxb3 35. Kc1 Rg2 36. Rf4 Kf7 37. h4 Ke7 38. Kd2 Rh2 39. Ke3 Rh3+ 40. Kd2 e5 41. Rb4 Bd5 42. Nc5 f5 43. Rb7+ Kd6 44. b4 e4 45. Rh7 Ke5 0-1

[Event "SUI-ch op"]
[Site "Leukerbad"]
[Date "2015.07.11"]
[Round "3"]
[White "Heinatz, Gundula"]
[Black "Buss, Ralph"]
[Result "1/2-1/2"]
[WhiteElo "2215"]
[BlackElo "2379"]
[PlyCount "117"]
[EventDate "2015.07.09"]
[EventType "swiss"]
[EventRounds "9"]
[EventCountry "SUI"]
[SourceTitle "EXT 2019"]
[Source "ChessBase"]
[SourceDate "2018.10.10"]
[SourceVersion "1"]
[SourceVersionDate "2018.10.10"]
[SourceQuality "1"]

1. d4 e6 2. Nf3 c5 3. c3 Nf6 4. g3 b6 5. Bg2 Bb7 6. 0-0 Be7 7. Nbd2 0-0 8. Qc2 cxd4 9. Nxd4 Bxg2 10. Kxg2 Qc7 11. N2f3 d6 12. Bg5 Nbd7 13. Rad1 a6 14. e4 Rfe8 15. Rfe1 Rac8 16. Qe2 Qb7 17. h4 b5 18. a3 Nb6 19. Bc1 Nc4 20. Kg1 Ng4 21. Ng5 h5 22. f3 Nge5 23. Nh3 g6 24. Nf4 Bf8 25. Kg2 Bg7 26. Qf2 Rcd8 27. Nc2 Nb6 28. Be3 Nec4 29. Bxb6 Nxb6 30. Ne3 Bh6 31. Nd3 Rd7 32. Re2 Red8 33. Nc2 Nc4 34. Nd4 Rc7 35. Rde1 Qa7 36. f4 e5 37. Nf3 Qb7 38. fxe5 dxe5 39. Ndxe5 Nxe5 40. Nxe5 Re8 41. Nf3 a5 42. e5 b4 43. axb4 axb4 44. cxb4 Rc4 45. e6 Re7 46. b5 Rb4 47. Kh2 Rxb5 48. Nd4 Rb4 49. Rf1 f5 50. Nxf5 gxf5 51. Qxf5 Rxb2 52. Qxh5 Rxe2+ 53. Qxe2 Qd5 54. Qg4+ Kh7 55. Re1 Rg7 56. Qe4+ Qxe4 57. Rxe4 Re7 58. g4 Kg6 59. Kg3 1/2-1/2

[Event "SUI-chT"]
[Site "Switzerland"]
[Date "2015.06.28"]
[Round "5.6"]
[White "Buss, Ralph"]
[Black "Salzgeber, Frank"]
[Result "1-0"]
[WhiteElo "2375"]
[BlackElo "2189"]
[PlyCount "73"]
[EventDate "2015.03.29"]
[EventType "team-tourn"]
[EventRounds "9"]
[EventCountry "SUI"]
[SourceTitle "EXT 2016"]
[Source "ChessBase"]
[SourceDate "2015.10.08"]
[SourceVersion "1"]
[SourceVersionDate "2015.10.08"]
[SourceQuality "1"]
[WhiteTeam "Riehen"]
[BlackTeam "Bern Schwarz Weiss"]
[WhiteTeamCountry "SUI"]
[BlackTeamCountry "SUI"]

1. Nf3 Nf6 2. c4 g6 3. d4 Bg7 4. g3 0-0 5. Bg2 d6 6. 0-0 Nbd7 7. Nc3 e5 8. e4 c6 9. h3 Qb6 10. Re1 exd4 11. Nxd4 Ng4 12. Nce2 Nge5 13. b3 Nc5 14. Be3 a5 15. Rb1 Re8 16. Nc3 Qc7 17. Qc2 a4 18. f4 Ned3 19. Red1 axb3 20. axb3 Nb4 21. Qd2 Qa5 22. Nde2 Ncd3 23. Kh2 Be6 24. Bd4 f5 25. Bxg7 Kxg7 26. Qe3 Qc5 27. Rxd3 Nxd3 28. Qxd3 Rad8 29. Nd4 fxe4 30. Nxe4 Qa5 31. b4 Qa2 32. Qc3 Kh6 33. Rc1 d5 34. Nf6 Re7 35. Nxe6 Rxe6 36. Ng4+ Kh5 37. Qg7 1-0

[Event "SUI-chT"]
[Site "Switzerland"]
[Date "2014.10.12"]
[Round "9.7"]
[White "Buss, Ralph"]
[Black "Papa, Severin"]
[Result "1/2-1/2"]
[WhiteElo "2376"]
[BlackElo "2374"]
[PlyCount "117"]
[EventDate "2014.03.16"]
[EventType "team-tourn"]
[EventRounds "9"]
[EventCountry "SUI"]
[SourceTitle "EXT 2015"]
[Source "ChessBase"]
[SourceDate "2014.11.20"]
[SourceVersion "1"]
[SourceVersionDate "2014.11.20"]
[SourceQuality "1"]
[WhiteTeam "Riehen"]
[BlackTeam "Reti"]
[WhiteTeamCountry "SUI"]
[BlackTeamCountry "SUI"]

1. d4 b6 2. e4 Bb7 3. Bd3 e6 4. Nc3 Nf6 5. Nge2 c5 6. d5 a6 7. 0-0 b5 8. Ng3 Qc7 9. Nh5 Nxh5 10. Qxh5 g6 11. Qh4 Bg7 12. Bh6 0-0 13. Bxg7 Kxg7 14. f4 f6 15. Rf3 Rf7 16. Rh3 Kg8 17. e5 f5 18. d6 Qb6 19. Qf2 Nc6 20. a4 Nd4 21. a5 Qa7 22. Ne2 Nc6 23. c3 Rg7 24. Rg3 c4 25. Bc2 Qxf2+ 26. Kxf2 g5 27. Re3 h6 28. g3 Kf7 29. Ke1 Rgg8 30. Kd2 Rab8 31. Bd1 Ba8 32. Bc2 Rh8 33. Ng1 Rbg8 34. Nh3 g4 35. Ng1 h5 36. b3 cxb3 37. Bxb3 h4 38. Re2 hxg3 39. hxg3 Rh1 40. Ree1 Rgh8 41. Nf3 Rxe1 42. Ng5+ Kg6 43. Rxe1 Nxa5 44. Bxe6 dxe6 45. Nxe6 Nb3+ 46. Kc2 Bd5 47. Nc7 Rh2+ 48. Kd3 Bc4+ 49. Ke3 Kf7 50. Nxa6 Ke6 51. Nb8 Rg2 52. Nc6 Rxg3+ 53. Kf2 Rf3+ 54. Kg1 Rg3+ 55. Kf2 Rf3+ 56. Kg1 Rd3 57. Kh2 Rh3+ 58. Kg1 Rg3+ 59. Kf2 1/2-1/2

[Event "SUI-chT"]
[Site "Switzerland"]
[Date "2014.06.29"]
[Round "5.5"]
[White "Buss, Ralph"]
[Black "Terraz, Christian"]
[Result "1-0"]
[WhiteElo "2376"]
[BlackElo "2075"]
[PlyCount "81"]
[EventDate "2014.03.16"]
[EventType "team-tourn"]
[EventRounds "9"]
[EventCountry "SUI"]
[SourceTitle "EXT 2015"]
[Source "ChessBase"]
[SourceDate "2014.11.20"]
[SourceVersion "1"]
[SourceVersionDate "2014.11.20"]
[SourceQuality "1"]
[WhiteTeam "Riehen"]
[BlackTeam "Neuchatel"]
[WhiteTeamCountry "SUI"]
[BlackTeamCountry "SUI"]

1. d4 Nf6 2. c4 e6 3. Nc3 c5 4. d5 exd5 5. cxd5 Bd6 6. g3 Bc7 7. d6 Ba5 8. Bg2 0-0 9. Nf3 Re8 10. 0-0 Bxc3 11. bxc3 Nc6 12. Nh4 Re6 13. Bh3 Qe8 14. Bxe6 fxe6 15. f3 b6 16. Bg5 Ba6 17. Rf2 Nd5 18. Bd2 Ne5 19. Ng2 Nc4 20. e4 Nf6 21. Bf4 Qc8 22. Ne3 Qc6 23. Nxc4 Bxc4 24. Be5 Rf8 25. Qd2 Rf7 26. Re1 b5 27. Qg5 a5 28. a3 a4 29. Kg2 h6 30. Qe3 Nh7 31. h4 Rf8 32. Kh2 Rc8 33. g4 b4 34. cxb4 cxb4 35. axb4 Qb5 36. Qc3 Kf7 37. Bxg7 a3 38. Bxh6 Nf6 39. Qxa3 Rh8 40. Bf4 Rxh4+ 41. Kg3 1-0

[Event "SUI-ch 113th"]
[Site "Graechen"]
[Date "2013.07.14"]
[Round "4"]
[White "Cebalo, Miso"]
[Black "Buss, Ralph"]
[Result "1-0"]
[WhiteElo "2438"]
[BlackElo "2395"]
[PlyCount "101"]
[EventDate "2013.07.11"]
[EventType "swiss"]
[EventRounds "9"]
[EventCountry "SUI"]
[SourceTitle "CBM 155 Extra"]
[Source "ChessBase"]
[SourceDate "2013.08.26"]
[SourceVersion "1"]
[SourceVersionDate "2013.08.26"]
[SourceQuality "1"]

1. c4 c5 2. g3 g6 3. Bg2 Bg7 4. Nc3 Nc6 5. Nf3 e6 6. d3 Nge7 7. Bg5 h6 8. Bd2 b6 9. a3 Bb7 10. 0-0 0-0 11. Rb1 d5 12. Qc1 Kh7 13. b4 Nd4 14. bxc5 dxc4 15. Nxd4 Bxg2 16. Kxg2 Qxd4 17. Rb4 Qxc5 18. Rxc4 Qh5 19. f3 Rfc8 20. Ne4 Rxc4 21. Qxc4 Rc8 22. Qa4 Rc7 23. Rc1 b5 24. Qa5 Rxc1 25. Bxc1 Nc6 26. Qc7 Nd4 27. Qxf7 Qf5 28. Qxa7 Nxe2 29. Bb2 e5 30. Qe7 Nd4 31. Bxd4 exd4 32. h4 Qf8 33. Qd7 Qxa3 34. Qxb5 Qa2+ 35. Nf2 Qd2 36. h5 gxh5 37. Qf5+ Kg8 38. Qxh5 Qe2 39. Qd5+ Kf8 40. Qe4 Qd2 41. f4 Kf7 42. Qf3 Kg6 43. Kh3 h5 44. Ne4 Qe3 45. f5+ Kh7 46. Qf1 Bf8 47. f6 h4 48. f7 hxg3 49. Qf5+ Kh6 50. Qf6+ Kh7 51. Ng5+ 1-0

[Event "SUI-ch 113th"]
[Site "Graechen"]
[Date "2013.07.12"]
[Round "2"]
[White "Hugentobler, Patrick"]
[Black "Buss, Ralph"]
[Result "1/2-1/2"]
[WhiteElo "2238"]
[BlackElo "2395"]
[PlyCount "118"]
[EventDate "2013.07.11"]
[EventType "swiss"]
[EventRounds "9"]
[EventCountry "SUI"]
[SourceTitle "CBM 155 Extra"]
[Source "ChessBase"]
[SourceDate "2013.08.26"]
[SourceVersion "1"]
[SourceVersionDate "2013.08.26"]
[SourceQuality "1"]

1. e4 c5 2. Nc3 Nc6 3. Bb5 Nd4 4. Bc4 g6 5. Nf3 Bg7 6. Nxd4 cxd4 7. Qf3 e6 8. Nb5 d6 9. Qa3 Ke7 10. c3 dxc3 11. dxc3 a6 12. Nd4 Qc7 13. Be2 e5 14. Nc2 Be6 15. 0-0 Nf6 16. Bg5 Rhc8 17. Rfd1 h6 18. Bxf6+ Bxf6 19. Ne3 Qc5 20. Qxc5 Rxc5 21. Nd5+ Bxd5 22. Rxd5 Rxd5 23. exd5 Rc8 24. f3 Bg5 25. Kf2 f5 26. Bd3 Kf7 27. c4 Bd8 28. Ke2 Bb6 29. b3 Bd4 30. Rf1 Kf6 31. Kd2 a5 32. Rb1 Bc5 33. Kc2 Re8 34. Re1 Ra8 35. a4 Re8 36. Re2 Kg5 37. g3 Kf6 38. Kd1 h5 39. Ke1 Rh8 40. Kf1 Bd4 41. Kg2 Ke7 42. Kh3 Kf6 43. Kg2 Rf8 44. Bc2 Rg8 45. Bd3 Rg7 46. Bc2 Re7 47. Bd3 Bc5 48. Bc2 Rh7 49. Bd3 Bd4 50. Bc2 Rg7 51. Bd3 g5 52. Re1 Rf7 53. h3 Ke7 54. Rf1 Kd8 55. g4 fxg4 56. fxg4 Rxf1 57. Kxf1 h4 58. Be4 Kc7 59. Ke2 Kd7 1/2-1/2

[Event "Verbandsliga Sued Baden 1213"]
[Site "Baden"]
[Date "2013.03.24"]
[Round "8.1"]
[White "Dittmar, Peter"]
[Black "Buss, Ralph"]
[Result "1/2-1/2"]
[WhiteElo "2341"]
[BlackElo "2402"]
[PlyCount "92"]
[EventDate "2012.10.21"]
[EventType "team-tourn"]
[EventRounds "9"]
[EventCountry "GER"]
[SourceTitle "EXT 2014"]
[Source "ChessBase"]
[SourceDate "2013.11.20"]
[SourceVersion "1"]
[SourceVersionDate "2013.11.20"]
[SourceQuality "1"]
[WhiteTeam "Oberwinden"]
[BlackTeam "Horben"]
[WhiteTeamCountry "GER"]
[BlackTeamCountry "GER"]

1. d4 Nf6 2. c4 e6 3. Nc3 Bb4 4. e3 0-0 5. Nge2 d5 6. a3 Be7 7. Nf4 c6 8. cxd5 exd5 9. Bd3 Nbd7 10. 0-0 Re8 11. b4 Bd6 12. b5 Nf8 13. bxc6 bxc6 14. Bd2 Ne6 15. Nh5 Nxh5 16. Qxh5 g6 17. Qd1 c5 18. Bb5 Bd7 19. Bxd7 Qxd7 20. dxc5 Bxc5 21. Qa4 Qxa4 22. Nxa4 Bf8 23. Bb4 d4 24. Bxf8 Kxf8 25. exd4 Nxd4 26. Rfd1 Nc2 27. Ra2 Rac8 28. g3 Re4 29. Nb2 Nd4 30. Nd3 Rd8 31. Kg2 Ne6 32. Nc5 Rxd1 33. Nxe4 Rd4 34. Re2 Rd3 35. Re3 Rxe3 36. fxe3 Ke7 37. Kf3 Nc7 38. Ke2 f5 39. Nc3 Kd6 40. Kd3 Kc5 41. e4 Nb5 42. exf5 gxf5 43. Nxb5 Kxb5 44. Kc3 Kc5 45. Kd3 Kb5 46. Kc3 Kc5 1/2-1/2

[Event "SUI-chT"]
[Site "Switzerland"]
[Date "2013.03.17"]
[Round "1.5"]
[White "Wildi, Marcel"]
[Black "Buss, Ralph"]
[Result "1-0"]
[WhiteElo "2254"]
[BlackElo "2402"]
[PlyCount "57"]
[EventDate "2013.03.17"]
[EventType "team-tourn"]
[EventRounds "9"]
[EventCountry "SUI"]
[SourceTitle "CBM 153 Extra"]
[Source "ChessBase"]
[SourceDate "2013.04.22"]
[SourceVersion "1"]
[SourceVersionDate "2013.04.22"]
[SourceQuality "1"]
[WhiteTeam "Bodan"]
[BlackTeam "Riehen"]
[WhiteTeamCountry "SUI"]
[BlackTeamCountry "SUI"]

1. d4 Nf6 2. Nf3 e6 3. e3 c5 4. Bd3 Nc6 5. 0-0 d5 6. b3 Bd6 7. Bb2 0-0 8. dxc5 Bxc5 9. a3 Qe7 10. b4 Bd6 11. Nbd2 e5 12. c4 e4 13. Bxf6 Qxf6 14. Bxe4 dxe4 15. Nxe4 Qg6 16. Nxd6 Bg4 17. c5 b6 18. Qd5 Ne7 19. Qe4 Qxe4 20. Nxe4 Bxf3 21. gxf3 f5 22. Nd6 bxc5 23. bxc5 f4 24. Rad1 Nc6 25. Rd5 Rab8 26. Nc4 Rb3 27. Rc1 fxe3 28. fxe3 Rxf3 29. Nd2 1-0

[Event "SUI-chT"]
[Site "Switzerland"]
[Date "2012.10.21"]
[Round "9.3"]
[White "Marciano, David"]
[Black "Buss, Ralph"]
[Result "1/2-1/2"]
[WhiteElo "2508"]
[BlackElo "2408"]
[PlyCount "29"]
[EventDate "2012.03.18"]
[EventType "team-tourn"]
[EventRounds "9"]
[EventCountry "SUI"]
[SourceTitle "EXT 2013"]
[Source "ChessBase"]
[SourceDate "2012.11.22"]
[SourceVersion "1"]
[SourceVersionDate "2012.11.22"]
[SourceQuality "1"]
[WhiteTeam "Reti"]
[BlackTeam "Riehen"]
[WhiteTeamCountry "SUI"]
[BlackTeamCountry "SUI"]

1. e4 c5 2. c3 Nf6 3. e5 Nd5 4. d4 cxd4 5. Nf3 Nc6 6. Bc4 Nb6 7. Bb3 d6 8. exd6 Qxd6 9. Na3 dxc3 10. Qxd6 exd6 11. Nb5 Rb8 12. Ng5 d5 13. bxc3 Be6 14. Bf4 Rc8 15. 0-0 1/2-1/2

[Event "SUI-chT"]
[Site "Switzerland"]
[Date "2012.09.23"]
[Round "7.5"]
[White "Hort, Vlastimil"]
[Black "Buss, Ralph"]
[Result "1/2-1/2"]
[WhiteElo "2483"]
[BlackElo "2408"]
[PlyCount "61"]
[EventDate "2012.03.18"]
[EventType "team-tourn"]
[EventRounds "9"]
[EventCountry "SUI"]
[SourceTitle "EXT 2013"]
[Source "ChessBase"]
[SourceDate "2012.11.22"]
[SourceVersion "1"]
[SourceVersionDate "2012.11.22"]
[SourceQuality "1"]
[WhiteTeam "Reichenstein"]
[BlackTeam "Riehen"]
[WhiteTeamCountry "SUI"]
[BlackTeamCountry "SUI"]

1. e4 c5 2. Nc3 Nc6 3. Nge2 g6 4. d4 cxd4 5. Nxd4 Bg7 6. Be3 Nf6 7. Be2 d6 8. 0-0 0-0 9. Nb3 Be6 10. Qd2 Rc8 11. Rad1 a6 12. f3 Re8 13. Qe1 Ne5 14. Bd4 Nc4 15. Bxc4 Rxc4 16. Qf2 b5 17. Rd2 Qc7 18. Bb6 Qb8 19. Na5 Rcc8 20. Ba7 Qc7 21. Bb6 Qb8 22. Ba7 Qa8 23. Rfd1 Nd7 24. Bd4 Ne5 25. a3 Nc4 26. Nxc4 Rxc4 27. Bxg7 Kxg7 28. Rd4 Qa7 29. Rxc4 Qxf2+ 30. Kxf2 Bxc4 31. Nd5 1/2-1/2

[Event "SUI-chT"]
[Site "Switzerland"]
[Date "2011.10.23"]
[Round "9.3"]
[White "Netzer, Jean"]
[Black "Buss, Ralph"]
[Result "1/2-1/2"]
[WhiteElo "2388"]
[BlackElo "2404"]
[PlyCount "97"]
[EventDate "2011.02.27"]
[EventType "team-tourn"]
[EventRounds "9"]
[EventCountry "SUI"]
[SourceTitle "EXT 2012"]
[Source "ChessBase"]
[SourceDate "2011.11.24"]
[SourceVersion "1"]
[SourceVersionDate "2011.11.24"]
[SourceQuality "1"]
[WhiteTeam "Le Joueur"]
[BlackTeam "Riehen"]
[WhiteTeamCountry "SUI"]
[BlackTeamCountry "SUI"]

1. e4 c5 2. Nf3 d6 3. d4 cxd4 4. Nxd4 Nf6 5. Nc3 a6 6. Be2 e5 7. Nb3 Be7 8. Bg5 Be6 9. Bxf6 Bxf6 10. Qd3 Be7 11. Nd5 Bxd5 12. Qxd5 Qc7 13. c3 Nd7 14. Bc4 0-0 15. Qd3 Rac8 16. Bd5 Nf6 17. 0-0 Rfd8 18. Rfd1 Rd7 19. Nd2 Nxd5 20. Qxd5 Qc6 21. Nf3 Qxd5 22. Rxd5 Rdc7 23. Rad1 g6 24. Ne1 Rc4 25. f3 f6 26. Nc2 Kf7 27. Ne3 R4c6 28. Kf2 Ke6 29. Ke2 Bf8 30. g3 Bh6 31. Ng4 Bf8 32. f4 f5 33. exf5+ gxf5 34. Ne3 Rc5 35. Rxc5 Rxc5 36. fxe5 Rxe5 37. Kf3 h5 38. Rd4 Be7 39. h4 Bf8 40. a4 b5 41. Ng2 Bh6 42. Nf4+ Bxf4 43. Kxf4 d5 44. axb5 axb5 45. Rd3 Kf6 46. Kf3 Ke6 47. Kf4 Kf6 48. Kf3 Ke6 49. Kf4 1/2-1/2

[Event "SUI-chT"]
[Site "Switzerland"]
[Date "2011.08.27"]
[Round "6.5"]
[White "Buss, Ralph"]
[Black "Kuehn, Peter"]
[Result "1/2-1/2"]
[WhiteElo "2414"]
[BlackElo "2412"]
[PlyCount "93"]
[EventDate "2011.02.27"]
[EventType "team-tourn"]
[EventRounds "9"]
[EventCountry "SUI"]
[SourceTitle "EXT 2012"]
[Source "ChessBase"]
[SourceDate "2011.11.24"]
[SourceVersion "1"]
[SourceVersionDate "2011.11.24"]
[SourceQuality "1"]
[WhiteTeam "Riehen"]
[BlackTeam "Reichenstein"]
[WhiteTeamCountry "SUI"]
[BlackTeamCountry "SUI"]

1. Nf3 d5 2. d4 Nf6 3. c4 c6 4. Nc3 a6 5. cxd5 cxd5 6. Bf4 Nc6 7. Rc1 Bf5 8. e3 Rc8 9. Be2 e6 10. 0-0 Bd6 11. Bxd6 Qxd6 12. Na4 Nd7 13. Qb3 Rc7 14. Nc5 Nxc5 15. Rxc5 0-0 16. Rfc1 Bg4 17. Qb6 Bxf3 18. Bxf3 Rd7 19. Bd1 Rb8 20. Qb3 Rdd8 21. Qc3 Kf8 22. h3 Rbc8 23. b4 g6 24. Be2 Ne7 25. Qb2 Rc6 26. a3 Rdc8 27. R1c2 Qd8 28. Qc1 Qb6 29. Bd3 Qd8 30. R2c3 Kg7 31. Rxc6 Rxc6 32. Rxc6 Nxc6 33. Bxa6 Nxd4 34. exd4 bxa6 35. a4 Qd7 36. Qc2 Kf6 37. Qb3 Ke7 38. b5 axb5 39. axb5 Kd8 40. Qb4 Kc7 41. Qc5+ Kb7 42. Kf1 f6 43. f4 e5 44. dxe5 fxe5 45. fxe5 Qf5+ 46. Kg1 Qxe5 47. Qc6+ 1/2-1/2